00369nam a2200169Ia 4500003000400000005001700004006001900021007000300040008004100043024001000084037001200094040002000106041001300126082001400139245003700153260000900190OSt20220928150126.0a|||||r|||| 00| 0 ta220927b |||||||| |||| 00| 0 eng d a88147 cTextual aSDCLcSDCLbeng 2engaeng aI:3n1,N50 0aANNUAL REVIEW of plant biology. c1989